00516naa a2200181 a 450000100080000000500110000800800410001910000210006024500500008126000090013165300230014065300180016365300150018165300180019670000190021470000170023377300840025010287922004-01-09 2001 bl uuuu u00u1 u #d1 aAMARAL, A. M. do aUso pratico da biotecnologia na citricultura. c2001 aBiologia molecular aBiotecnologia aCitrus spp aFruta citrica1 aMACHADO, M. A.1 aPAIVA, L. V. tInforme Agropecuario, Belo Horizontegv. 22, n. 209, p. 95-100, mar./abr. 2001.